Statistics for Countries of Oceania

Click here to take the quiz!

General Stats

  • This quiz has been taken 19 times
  • The average score is 13 of 14

Answer Stats

HintAnswer% Correct
1Australia
100%
2Fiji
100%
4Marshall Islands
100%
12Tonga
100%
7New Zealand
93%
8Palau
93%
10Samoa
93%
11Solomon Islands
93%
13Tuvalu
93%
14Vanuatu
93%
5Micronesia
87%
6Nauru
87%
9Papua New Guinea
87%
3Kiribati
80%

Score Distribution

Percentile by Number Answered

Percent of People with Each Score

Your Score History

You have not taken this quiz